000
00288nam a2200121Ia 4500
008
190216s9999||||xx |||||||||||||| ||und||
100
_a
Gupta S L And Kumar V
245
0
_a
Solid State Physics;
260
_b
Kedernath Ramnath
_c
1984
300
_a
592p
650
_a
Physics
942
_c
BK
999
_c
32911
_d
32911